1695 1977 1438 1626 1629 1951 1984 1149 1887 1576 1959 1059 1868 1008 1723 1517 1744 1034 1380 1837 1651 1405 1065 1335 1623 1768 1762 1583 1011 1638 1994 1152 1648 1920 1847 1036 1544 1130 1997 1563 1376 1201 1158 1768 1376 1904 1561 1107 1242 1237 1784 1586 1715 1938 1181 1331 1832 1696 1317 1158 1870 1063 1117 1640 1198 1448 1150 1310 1750 1577 1749 1489 1441 1569 1649 1452 1790 1950 1687 1267 1466 1867 1749 1482 1425 1430 1968 1754 1105 1167 1050 1272 1134 1748 1812 1706 1731 1895 1749 BCNSPRNW ULIB Ver.6.0+V

เปลี่ยนเป็นภาษาไทย

Change to English
 แสดงรายละเอียดบรรณานุกรม
  กลับหน้าหลัก

Brief Record : Get Marc (ISO 2709) : E-mail record : QR code < ปิดหน้าต่าง
LEADER : 00000nam 2200000uu 4500
001    13399121435
003     ULIB
008    121119s2551||||th 000 0 tha d
020    ^a9789740497738
090    ^aนว.^bอ675พ
100 0  ^aอาริตา
245 00 ^aพ่อม่ายชายโสด/^cอาริตา
250    ^aพิมพ์ครั้งที่ 1
260    ^aกรุ492 หน้า
710 1  ^aบิวตี้บุ๊ค
945    ^p0^l0^i15011
995    ^aทศพร
999    ^aทศพร เกษรทอง
รายการนี้ยังไม่มีแท็ก
คุณยังไม่ได้ล็อกอิน คุณสามารถมีกิจกรรมร่วมกับเว็บไซต์ได้ แต่ต้องล็อกอินก่อน ::
  ล็อกอิน

รายการสื่อสารสนเทศ

ลำดับที่ ประเภท เลขเรียก/บาร์โค้ด สถานที่ สถานะ
1. นวนิยาย
นวนิยาย
นว. อ675พ ฉ.1 
  Barcode: 15011
ห้องสมุดวิทยาเขตสวรรค์ประชารักษ์
►นวนิยาย
บนชั้น
  ขอยืม

รายการใกล้เคียง
    ผู้แต่ง [อาริตา]

BibComment


ยังไม่เคยถูกคอมเมนท์

คอมเมนท์ทรัพยากรรายการนี้
  คอมเมนท์: พ่อม่ายชายโสด อา..


 Copyright 2026. Bcnsprnw @Library